Normal view
MARC view
- Castillo, Andres V.
Entry Personal Name
001 - CONTROL NUMBER
- control field: 56266
003 - CONTROL NUMBER IDENTIFIER
- control field: OSt
005 - DATE AND TIME OF LATEST TRANSACTION
- control field: 20240405135618.0
008 - FIXED-LENGTH DATA ELEMENTS
- fixed length control field: 240405|| aca||aabn | a|a d
040 ## - CATALOGING SOURCE
- Original cataloging agency: OSt
- Transcribing agency: OSt
100 ## - HEADING--PERSONAL NAME
- Personal name: Castillo, Andres V.
670 ## - SOURCE DATA FOUND
- Source citation: Work cat.: (OSt): Castillo, Andres V., Principles of economics /, ©1986.
